Thi pháp truyện ngắn trào phúng Nguyễn Công Hoan

محفوظ في:
التفاصيل البيبلوغرافية
المؤلف الرئيسي: Trần Đình Sử
التنسيق: كتاب
اللغة:Undetermined
منشور في: Hà Nội ĐHQG 2001
الموضوعات:
الوسوم: إضافة وسم
لا توجد وسوم, كن أول من يضع وسما على هذه التسجيلة!
Thư viện lưu trữ: Trung tâm Học liệu Trường Đại học Cần Thơ
LEADER 00569nam a2200169Ia 4500
001 CTU_41877
008 210402s9999 xx 000 0 und d
082 |a 808.3 
082 |b S550 
100 |a Trần Đình Sử 
245 0 |a Thi pháp truyện ngắn trào phúng Nguyễn Công Hoan 
245 0 |c Trần Đình Sử, Nguyễn Thanh Tú 
260 |a Hà Nội 
260 |b ĐHQG 
260 |c 2001 
650 |a fictions, theory of,vietnamese literature - history and criticism 
980 |a Trung tâm Học liệu Trường Đại học Cần Thơ